[Event "Dubai op"]
[Site "Dubai"]
[Date "2000.05.01"]
[Round "4"]
[White "Sofieva, Ainur"]
[Black "Tayeb, Suhail"]
[Result "0-1"]
[WhiteElo "2345"]
[BlackElo "2226"]
[PlyCount "79"]
[EventDate "2000.04.28"]
[EventType "swiss"]
[EventRounds "9"]
[EventCountry "UAE"]
[SourceTitle "EXT 2001"]
[Source "ChessBase"]
[SourceDate "2000.11.22"]
[SourceVersion "1"]
[SourceVersionDate "2000.11.22"]
[SourceQuality "1"]

1. e4 c5 2. Nf3 e6 3. d3 d5 4. Nbd2 Nf6 5. g3 Be7 6. Bg2 0-0 7. 0-0 Nc6 8. c3 d4 9. c4 e5 10. h3 Ne8 11. Nh2 Be6 12. f4 f6 13. f5 Bf7 14. g4 g5 15. fxg6 hxg6 16. Ndf3 Nc7 17. g5 Be6 18. gxf6 Bxf6 19. Qe1 Kg7 20. Qg3 Bd7 21. h4 Ne6 22. Ng4 Nf4 23. Bxf4 Bxg4 24. Nxe5 Nxe5 25. Bxe5 Bxe5 26. Qxe5+ Kg8 27. Rxf8+ Qxf8 28. Rf1 Qh6 29. Qd5+ Kh8 30. Rf7 Re8 31. Qg5 Qxg5 32. hxg5 Re5 33. Kf2 Rxg5 34. Rxb7 a5 35. Bf3 Bxf3 36. Kxf3 Rh5 37. Kg4 Rh2 38. Kg5 Rg2+ 39. Kf6 Rg3 40. e5 0-1

[Event "Groningen op"]
[Site "Groningen"]
[Date "1997.??.??"]
[Round "5"]
[White "Koskela, Niina"]
[Black "Sofieva, Ainur"]
[Result "1-0"]
[WhiteElo "2200"]
[BlackElo "2330"]
[PlyCount "29"]
[EventDate "1997.12.20"]
[EventType "swiss"]
[EventRounds "11"]
[EventCountry "NED"]
[SourceTitle "CBM 062 Extra"]
[Source "ChessBase"]
[SourceDate "1998.03.09"]
[SourceVersion "1"]
[SourceVersionDate "1998.03.09"]
[SourceQuality "1"]

1. e4 e5 2. f4 d5 3. exd5 e4 4. d3 Nf6 5. dxe4 Nxe4 6. Nf3 Bc5 7. Qe2 Qxd5 8. Nfd2 0-0 9. Nxe4 Nc6 10. Nbc3 Bb4 11. Bd2 Qa5 12. 0-0-0 Bf5 13. Qb5 Rfe8 14. Qxa5 Bxa5 15. Ng3 1-0

[Event "Cappelle op 11th"]
[Site "Cappelle la Grande"]
[Date "1995.??.??"]
[Round "3"]
[White "Minet, Steve"]
[Black "Sofieva, Ainur"]
[Result "0-1"]
[WhiteElo "2145"]
[BlackElo "2370"]
[PlyCount "94"]
[EventDate "1995.03.??"]
[EventType "swiss"]
[EventRounds "9"]
[EventCountry "FRA"]
[SourceTitle "EXT 1997"]
[Source "ChessBase"]
[SourceDate "1996.11.15"]
[SourceVersion "1"]
[SourceVersionDate "1996.11.15"]
[SourceQuality "1"]

1. e4 d5 2. exd5 Qxd5 3. Nc3 Qa5 4. d4 Nf6 5. Bc4 c6 6. h3 Bf5 7. Nf3 e6 8. 0-0 Bd6 9. Bd3 Bg6 10. a3 Nbd7 11. Re1 0-0 12. Bxg6 hxg6 13. Ng5 Rad8 14. Nce4 Bb8 15. g3 Qf5 16. Kg2 Nxe4 17. Nxe4 Nf6 18. Nxf6+ gxf6 19. c3 c5 20. Qb3 cxd4 21. cxd4 Qd5+ 22. Qxd5 Rxd5 23. Be3 Bc7 24. Red1 Rfd8 25. Rd2 Bb6 26. Rad1 a5 27. b4 axb4 28. axb4 Rc8 29. Ra1 Kg7 30. f4 Rc4 31. Rb1 Rb5 32. Kf3 Rbxb4 33. Rxb4 Rxb4 34. Rd3 Rb5 35. Rc3 Kf8 36. g4 Ke7 37. Ke4 Kd7 38. h4 Rb1 39. Rc1 Rxc1 40. Bxc1 f5+ 41. gxf5 exf5+ 42. Ke5 Bd8 43. h5 f6+ 44. Kd5 gxh5 45. Kc5 Bc7 46. d5 h4 47. Be3 h3 0-1

[Event "Cappelle op 11th"]
[Site "Cappelle la Grande"]
[Date "1995.??.??"]
[Round "4"]
[White "Sofieva, Ainur"]
[Black "Rychagov, Mikhail"]
[Result "1/2-1/2"]
[WhiteElo "2370"]
[BlackElo "2485"]
[PlyCount "34"]
[EventDate "1995.03.??"]
[EventType "swiss"]
[EventRounds "9"]
[EventCountry "FRA"]
[SourceTitle "EXT 1997"]
[Source "ChessBase"]
[SourceDate "1996.11.15"]
[SourceVersion "1"]
[SourceVersionDate "1996.11.15"]
[SourceQuality "1"]

1. e4 c5 2. Nf3 d6 3. d3 Nc6 4. g3 g6 5. Bg2 Bg7 6. 0-0 e5 7. c3 Nge7 8. a3 0-0 9. b4 cxb4 10. axb4 a5 11. bxa5 Rxa5 12. Rxa5 Qxa5 13. Ba3 Rd8 14. Qb3 d5 15. Nbd2 h6 16. Rb1 dxe4 17. dxe4 Rd3 1/2-1/2

[Event "Berliner Sommer 13th"]
[Site "Berlin"]
[Date "1995.??.??"]
[Round "3"]
[White "Sofieva, Ainur"]
[Black "Zagorskis, Darius"]
[Result "1-0"]
[WhiteElo "2350"]
[BlackElo "2520"]
[PlyCount "71"]
[EventDate "1995.08.??"]
[EventType "swiss"]
[EventRounds "9"]
[EventCountry "GER"]
[SourceTitle "CBM 047 Extra"]
[Source "ChessBase"]
[SourceDate "1995.09.01"]
[SourceVersion "1"]
[SourceVersionDate "1995.09.01"]
[SourceQuality "1"]

1. e4 c5 2. Nf3 d6 3. c3 Nf6 4. h3 Nc6 5. Bd3 d5 6. e5 Nd7 7. Bb5 a6 8. Bxc6 bxc6 9. d3 e6 10. 0-0 Be7 11. Qa4 Qc7 12. Re1 0-0 13. Bf4 Nb6 14. Qc2 c4 15. dxc4 Nxc4 16. b3 Nb6 17. Nbd2 c5 18. Nf1 a5 19. Ne3 Bb7 20. Ng4 Qd8 21. Rad1 a4 22. Re3 axb3 23. axb3 d4 24. cxd4 cxd4 25. Rxd4 Ra1+ 26. Kh2 Nd5 27. Re1 Rxe1 28. Nxe1 Qb6 29. Nf3 Nb4 30. Qc1 Bxf3 31. gxf3 Nd5 32. Rc4 Rb8 33. Qc2 Nxf4 34. Rxf4 Qxb3 35. Qc7 Qb7 36. Qxb7 1-0

[Event "Olympiad Women-31"]
[Site "Moscow"]
[Date "1994.12.13"]
[Round "12"]
[White "Maric, Alisa"]
[Black "Sofieva, Ainur"]
[Result "1/2-1/2"]
[WhiteElo "2400"]
[BlackElo "2385"]
[PlyCount "59"]
[EventDate "1994.12.01"]
[EventType "team-swiss"]
[EventRounds "14"]
[EventCountry "RUS"]
[SourceTitle "EXT 2019"]
[Source "ChessBase"]
[SourceDate "2018.10.10"]
[SourceVersion "1"]
[SourceVersionDate "2018.10.10"]
[SourceQuality "1"]
[WhiteTeam "Yugoslavia (W)"]
[BlackTeam "Azerbaijan (W)"]
[WhiteTeamCountry "YUG"]
[BlackTeamCountry "AZE"]

1. d4 f5 2. c4 Nf6 3. Nc3 g6 4. f3 Nc6 5. e4 d6 6. d5 Ne5 7. exf5 Bxf5 8. Bf4 Bg7 9. Bxe5 dxe5 10. Bd3 e6 11. Qa4+ Qd7 12. Qxd7+ Nxd7 13. 0-0-0 Nb6 14. b3 exd5 15. cxd5 0-0-0 16. Nge2 Kb8 17. Be4 Rhf8 18. Rdf1 h5 19. Kc2 Rd7 20. Ng3 h4 21. Nxf5 gxf5 22. Bd3 a6 23. g4 hxg3 24. hxg3 Nxd5 25. Nxd5 Rxd5 26. g4 Rc5+ 27. Kb1 e4 28. fxe4 fxe4 29. Rxf8+ Bxf8 30. Be2 1/2-1/2

[Event "Belgrade (Women)"]
[Site "Belgrade"]
[Date "1994.??.??"]
[Round "8"]
[White "Arakhamia Grant, Ketevan"]
[Black "Sofieva, Ainur"]
[Result "0-1"]
[WhiteElo "2485"]
[BlackElo "2385"]
[PlyCount "84"]
[EventDate "1994.03.??"]
[EventType "tourn"]
[EventRounds "9"]
[EventCountry "YUG"]
[EventCategory "7"]
[SourceTitle "EXT 1997"]
[Source "ChessBase"]
[SourceDate "1996.11.15"]
[SourceVersion "1"]
[SourceVersionDate "1996.11.15"]
[SourceQuality "1"]

1. e4 d5 2. exd5 Qxd5 3. d4 Nf6 4. Nc3 Qa5 5. Nf3 Bg4 6. h3 Bh5 7. g4 Bg6 8. Ne5 e6 9. Nxg6 hxg6 10. Bg2 c6 11. Qd3 Bb4 12. Bd2 Nbd7 13. g5 Nd5 14. Nxd5 Bxd2+ 15. Qxd2 Qxd2+ 16. Kxd2 cxd5 17. h4 Nb6 18. b3 Ke7 19. Rh3 Rh7 20. Rah1 Rah8 21. Kd3 Nc8 22. c4 Kd6 23. Rf3 Rxh4 24. Rxh4 Rxh4 25. Rxf7 Ne7 26. Kc3 Rg4 27. Bf1 a6 28. Rxg7 Rxg5 29. Bd3 Rg4 30. c5+ Kd7 31. Rf7 g5 32. b4 Rg1 33. b5 a5 34. b6 e5 35. Bf5+ Ke8 36. Be6 exd4+ 37. Kxd4 Nc6+ 38. Kxd5 Rd1+ 39. Kc4 Ne5+ 40. Kb5 Nxf7 41. Bxf7+ Kxf7 42. c6 Rd5+ 0-1

[Event "Sitges op"]
[Site "Sitges"]
[Date "1994.??.??"]
[Round "3"]
[White "Hernandez, Alexander"]
[Black "Sofieva, Ainur"]
[Result "0-1"]
[WhiteElo "2245"]
[BlackElo "2385"]
[PlyCount "128"]
[EventDate "1994.??.??"]
[EventType "swiss"]
[EventRounds "9"]
[EventCountry "ESP"]
[SourceTitle "EXT 2000"]
[Source "ChessBase"]
[SourceDate "1999.11.16"]
[SourceVersion "1"]
[SourceVersionDate "1999.11.16"]
[SourceQuality "1"]

1. e4 d5 2. exd5 Qxd5 3. Nc3 Qa5 4. g3 Nf6 5. Bg2 Bg4 6. Nf3 Nbd7 7. h3 Bh5 8. 0-0 c6 9. d3 e6 10. Qe1 Qc7 11. Bf4 Bd6 12. Bxd6 Qxd6 13. Ne4 Nxe4 14. dxe4 Bxf3 15. Bxf3 h5 16. Qe3 h4 17. g4 Qc5 18. Qxc5 Nxc5 19. e5 0-0-0 20. b3 Rd2 21. Rac1 Rhd8 22. Bg2 Re2 23. Rfe1 Rxe1+ 24. Rxe1 Rd2 25. Rc1 g5 26. Kf1 Nd7 27. Ke1 Rd4 28. Ke2 Nxe5 29. Ke3 c5 30. Be4 f6 31. Rf1 Nf7 32. c3 Rd6 33. f4 gxf4+ 34. Rxf4 e5 35. Rf1 Ng5 36. Bg2 b6 37. Re1 Ne6 38. Be4 Ng5 39. Rf1 Kd7 40. Bg2 Ke7 41. Re1 Ne6 42. Be4 Nf4 43. Rg1 Nxh3 44. Rh1 Ng5 45. Rxh4 Rd1 46. Bf5 e4 47. c4 Re1+ 48. Kf4 Re2 49. Rh1 Rxa2 50. Bxe4 Rf2+ 51. Ke3 Rb2 52. Rb1 Rxb1 53. Bxb1 Ne6 54. Bc2 Nd4 55. Bd1 a5 56. Ke4 Kd6 57. Kf4 Kc6 58. g5 fxg5+ 59. Kxg5 b5 60. Kf4 b4 61. Ke4 Kb6 62. Kd3 a4 63. bxa4 Ka5 64. Kd2 b3 0-1

[Event "St Petersburg op"]
[Site "St Petersburg"]
[Date "1994.??.??"]
[Round "8"]
[White "Kiriakov, Petr"]
[Black "Sofieva, Ainur"]
[Result "1/2-1/2"]
[WhiteElo "2470"]
[BlackElo "2385"]
[PlyCount "59"]
[EventDate "1994.02.??"]
[EventType "swiss"]
[EventRounds "9"]
[EventCountry "RUS"]
[SourceTitle "CBM 041"]
[Source "ChessBase"]
[SourceDate "1994.08.01"]
[SourceVersion "1"]
[SourceVersionDate "1994.08.01"]
[SourceQuality "1"]

1. d4 f5 2. g3 Nf6 3. Bg2 g6 4. c3 Bg7 5. Qb3 d5 6. Nh3 0-0 7. Nf4 e6 8. h4 Qe7 9. h5 g5 10. h6 Bh8 11. Nd3 Ne4 12. Nd2 Nd7 13. Nf3 Bf6 14. Nfe5 a5 15. a4 b6 16. Nxd7 Bxd7 17. Ne5 Be8 18. Be3 Qd6 19. Bxe4 dxe4 20. Qc2 Qe7 21. Nc4 Bg6 22. Qc1 Kh8 23. b3 Rab8 24. Ne5 Be8 25. Nc4 Rg8 26. Ra2 Qf8 27. Ne5 Qe7 28. Nc4 Qf8 29. Ne5 Qe7 30. Nc4 1/2-1/2

[Event "Belgrade (Women)"]
[Site "Belgrade"]
[Date "1994.??.??"]
[Round "6"]
[White "Maric, Alisa"]
[Black "Sofieva, Ainur"]
[Result "1-0"]
[WhiteElo "2415"]
[BlackElo "2385"]
[PlyCount "69"]
[EventDate "1994.03.??"]
[EventType "tourn"]
[EventRounds "9"]
[EventCountry "YUG"]
[EventCategory "7"]
[SourceTitle "EXT 1997"]
[Source "ChessBase"]
[SourceDate "1996.11.15"]
[SourceVersion "1"]
[SourceVersionDate "1996.11.15"]
[SourceQuality "1"]

1. Nf3 f5 2. d4 Nf6 3. g3 g6 4. Bg2 Bg7 5. 0-0 0-0 6. c4 d6 7. Nc3 Qe8 8. d5 a5 9. Ne1 e5 10. dxe6 Qxe6 11. b3 c6 12. Bb2 Na6 13. Nd3 Qf7 14. Na4 Nc7 15. Nb6 Ra6 16. Nxc8 Rxc8 17. Qc2 Raa8 18. Rad1 d5 19. Nc5 Qe7 20. Na4 Re8 21. Bxf6 Bxf6 22. cxd5 Qxe2 23. Rd2 Qb5 24. dxc6 b6 25. Rd7 Ne6 26. Rfd1 Rad8 27. Qc4 Qxc4 28. bxc4 Nc5 29. Nxc5 bxc5 30. c7 Rxd7 31. Rxd7 Re1+ 32. Bf1 Re8 33. Be2 Kf8 34. Bf3 Bd4 35. Bb7 1-0

[Event "Belgrade (Women)"]
[Site "Belgrade"]
[Date "1994.??.??"]
[Round "1"]
[White "Matveeva, Svetlana"]
[Black "Sofieva, Ainur"]
[Result "1-0"]
[WhiteElo "2405"]
[BlackElo "2385"]
[PlyCount "65"]
[EventDate "1994.03.??"]
[EventType "tourn"]
[EventRounds "9"]
[EventCountry "YUG"]
[EventCategory "7"]
[SourceTitle "EXT 1997"]
[Source "ChessBase"]
[SourceDate "1996.11.15"]
[SourceVersion "1"]
[SourceVersionDate "1996.11.15"]
[SourceQuality "1"]

1. d4 f5 2. Bf4 Nf6 3. e3 d6 4. Bc4 e6 5. Nc3 Qe7 6. Nf3 c6 7. Qe2 Nbd7 8. 0-0-0 d5 9. Bd3 h6 10. h3 g5 11. Be5 Bg7 12. g4 Ne4 13. Bxg7 Qxg7 14. Bxe4 fxe4 15. Nd2 e5 16. f3 exf3 17. Qxf3 e4 18. Qg3 Nf6 19. Rdf1 0-0 20. Qd6 Bd7 21. Rh2 Rad8 22. Qa3 a6 23. Rhf2 h5 24. gxh5 Bxh3 25. Rg1 Bc8 26. Rh2 Kh8 27. h6 Qc7 28. Rf2 Nh7 29. Rxf8+ Rxf8 30. Rxg5 Qh2 31. Rg6 Bf5 32. Qe7 Rg8 33. Rxg8+ 1-0

[Event "Sitges op"]
[Site "Sitges"]
[Date "1994.??.??"]
[Round "2"]
[White "Sofieva, Ainur"]
[Black "Daude Puvill, Antonio"]
[Result "1-0"]
[WhiteElo "2385"]
[BlackElo "2160"]
[PlyCount "41"]
[EventDate "1994.??.??"]
[EventType "swiss"]
[EventRounds "9"]
[EventCountry "ESP"]
[SourceTitle "EXT 2000"]
[Source "ChessBase"]
[SourceDate "1999.11.16"]
[SourceVersion "1"]
[SourceVersionDate "1999.11.16"]
[SourceQuality "1"]

1. e4 e5 2. Nf3 Nc6 3. Bc4 Bc5 4. c3 Nf6 5. b4 Bxf2+ 6. Kxf2 Nxe4+ 7. Kf1 d5 8. Bb5 0-0 9. d3 f5 10. Bxc6 bxc6 11. Nxe5 Qf6 12. Nf3 g5 13. Be3 g4 14. dxe4 fxe4 15. Qd4 Qg6 16. Nbd2 Ba6+ 17. Ke1 exf3 18. gxf3 Rae8 19. Kd1 Re7 20. Kc1 Rfe8 21. Re1 1-0

[Event "Sitges op"]
[Site "Sitges"]
[Date "1994.??.??"]
[Round "4"]
[White "Sofieva, Ainur"]
[Black "Marin, Mihail"]
[Result "0-1"]
[WhiteElo "2385"]
[BlackElo "2520"]
[PlyCount "36"]
[EventDate "1994.??.??"]
[EventType "swiss"]
[EventRounds "9"]
[EventCountry "ESP"]
[SourceTitle "EXT 2000"]
[Source "ChessBase"]
[SourceDate "1999.11.16"]
[SourceVersion "1"]
[SourceVersionDate "1999.11.16"]
[SourceQuality "1"]

1. e4 c5 2. Nf3 Nc6 3. Bb5 g6 4. Bxc6 bxc6 5. 0-0 Bg7 6. Re1 Nh6 7. e5 0-0 8. Nc3 f6 9. exf6 Rxf6 10. Qe2 d5 11. Qxe7 Qxe7 12. Rxe7 Bg4 13. Ng5 Nf5 14. Rb7 Nd4 15. b4 h6 16. bxc5 hxg5 17. Bb2 Rf7 18. Rb4 Bf5 0-1

[Event "WchT U26 09th"]
[Site "Paranana"]
[Date "1993.11.09"]
[Round "7"]
[White "Jelen, Igor"]
[Black "Sofieva, Ainur"]
[Result "1/2-1/2"]
[WhiteElo "2325"]
[BlackElo "2390"]
[PlyCount "82"]
[EventDate "1993.11.02"]
[EventType "team-swiss"]
[EventRounds "9"]
[EventCountry "PAN"]
[SourceTitle "EXT 2020"]
[Source "ChessBase"]
[SourceDate "2019.10.17"]
[SourceVersion "1"]
[SourceVersionDate "2019.10.17"]
[SourceQuality "1"]
[WhiteTeam "Slovenia"]
[BlackTeam "Azerbaijan"]
[WhiteTeamCountry "SLO"]
[BlackTeamCountry "AZE"]

1. d4 f5 2. c4 Nf6 3. g3 g6 4. Bg2 Bg7 5. Nf3 0-0 6. 0-0 d6 7. Nc3 c6 8. d5 e5 9. dxe6 Bxe6 10. b3 Qe7 11. Ng5 Na6 12. Bb2 Rad8 13. Nxe6 Qxe6 14. Qc2 Rfe8 15. Rad1 Nc5 16. e3 a5 17. Ne2 Nce4 18. Bd4 Qf7 19. Rd3 d5 20. Rfd1 dxc4 21. bxc4 Rd7 22. Bb6 Rxd3 23. Rxd3 Nd7 24. Bxa5 Ne5 25. Rd8 Rxd8 26. Bxd8 Qxc4 27. Qxc4+ Nxc4 28. g4 Ned6 29. gxf5 gxf5 30. Ng3 Kf7 31. e4 fxe4 32. Nxe4 Nxe4 33. Bxe4 h6 34. f4 Bf6 35. Bc7 Ke7 36. Kg2 Nd6 37. Bf3 Nb5 38. Ba5 Bc3 39. Bb6 Bd4 40. Ba5 Bc3 41. Bb6 Bd4 1/2-1/2

[Event "Jakarta Interzonal (Women)"]
[Site "Jakarta"]
[Date "1993.??.??"]
[Round "?"]
[White "Arakhamia Grant, Ketevan"]
[Black "Sofieva, Ainur"]
[Result "1-0"]
[WhiteElo "2440"]
[BlackElo "2390"]
[PlyCount "79"]
[EventDate "1993.07.??"]
[EventType "swiss"]
[EventRounds "13"]
[EventCountry "INA"]
[SourceTitle "EXT 1997"]
[Source "ChessBase"]
[SourceDate "1996.11.15"]
[SourceVersion "1"]
[SourceVersionDate "1996.11.15"]
[SourceQuality "1"]

1. e4 e5 2. Nf3 Nc6 3. Bb5 a6 4. Ba4 Nf6 5. 0-0 Be7 6. Qe2 b5 7. Bb3 d6 8. c3 0-0 9. d4 exd4 10. cxd4 Bg4 11. Rd1 Re8 12. Be3 Bf8 13. Nbd2 Qe7 14. Rac1 Na5 15. Bc2 Nc4 16. Nxc4 bxc4 17. h3 Bh5 18. e5 dxe5 19. dxe5 Nd7 20. g4 Bg6 21. Bg5 Qe6 22. Bf4 Bxc2 23. Qxc2 Nb6 24. Ng5 Qg6 25. Qxg6 hxg6 26. b3 Ba3 27. Rc2 Rad8 28. Rxd8 Rxd8 29. bxc4 Rd4 30. c5 Nd5 31. Bg3 Nb4 32. Rc3 Bb2 33. Rf3 Rd1+ 34. Kg2 Nd3 35. Rxf7 Bc1 36. f4 Rd2+ 37. Kf3 Nxc5 38. Rxc7 Rd3+ 39. Ke2 Nd7 40. Kxd3 1-0

[Event "Goodricke op 04th"]
[Site "Kolkata"]
[Date "1993.??.??"]
[Round "6"]
[White "Ermenkov, Evgenij"]
[Black "Sofieva, Ainur"]
[Result "1-0"]
[WhiteElo "2505"]
[BlackElo "2390"]
[PlyCount "77"]
[EventDate "1993.02.??"]
[EventType "swiss"]
[EventRounds "11"]
[EventCountry "IND"]
[SourceTitle "EXT 1998"]
[Source "ChessBase"]
[SourceDate "1997.11.17"]
[SourceVersion "1"]
[SourceVersionDate "1997.11.17"]
[SourceQuality "1"]

1. c4 f5 2. b3 e5 3. Bb2 Nc6 4. Nc3 Nf6 5. g3 g6 6. Bg2 Bg7 7. d3 0-0 8. Qd2 d6 9. Nd5 Ne7 10. Nxf6+ Bxf6 11. f4 exf4 12. Bxf6 Rxf6 13. gxf4 a5 14. Nf3 Bd7 15. 0-0 Bc6 16. Rae1 Bxf3 17. Rxf3 d5 18. Re3 dxc4 19. Qc3 Qd6 20. bxc4 Kf7 21. Re5 Qb4 22. Qa1 Rb6 23. Rf1 Qb2 24. Qe1 Re6 25. Rxe6 Kxe6 26. Qb1 Qb4 27. Qa1 Qd6 28. Kh1 c6 29. Qg7 h5 30. d4 Rd8 31. e4 Rg8 32. exf5+ gxf5 33. Re1+ Kd7 34. Qf7 Rg6 35. c5 Qf6 36. Qb3 Kc8 37. Rb1 b5 38. cxb6 Kb7 39. Qc3 1-0

[Event "Jakarta Interzonal (Women)"]
[Site "Jakarta"]
[Date "1993.??.??"]
[Round "?"]
[White "Gurieli, Nino"]
[Black "Sofieva, Ainur"]
[Result "1-0"]
[WhiteElo "2355"]
[BlackElo "2390"]
[PlyCount "51"]
[EventDate "1993.07.??"]
[EventType "swiss"]
[EventRounds "13"]
[EventCountry "INA"]
[SourceTitle "EXT 1997"]
[Source "ChessBase"]
[SourceDate "1996.11.15"]
[SourceVersion "1"]
[SourceVersionDate "1996.11.15"]
[SourceQuality "1"]

1. d4 f5 2. g3 Nf6 3. Bg2 g6 4. Nh3 Bg7 5. Nf4 d6 6. Nc3 c6 7. d5 e6 8. dxe6 d5 9. h4 Na6 10. h5 g5 11. h6 Bf8 12. Nh3 g4 13. Ng5 Qe7 14. Bf4 Bxe6 15. Qd4 Rg8 16. 0-0-0 Nc5 17. Nxe6 Qxe6 18. f3 Rg6 19. e4 dxe4 20. fxe4 fxe4 21. b4 Na6 22. Nxe4 Bxb4 23. Nxf6+ Rxf6 24. Rh5 Be7 25. Re5 Qxa2 26. Qd7+ 1-0

[Event "Jakarta Interzonal (Women)"]
[Site "Jakarta"]
[Date "1993.??.??"]
[Round "?"]
[White "Qin, Kanying"]
[Black "Sofieva, Ainur"]
[Result "1-0"]
[WhiteElo "2410"]
[BlackElo "2390"]
[PlyCount "191"]
[EventDate "1993.07.??"]
[EventType "swiss"]
[EventRounds "13"]
[EventCountry "INA"]
[SourceTitle "EXT 1997"]
[Source "ChessBase"]
[SourceDate "1996.11.15"]
[SourceVersion "1"]
[SourceVersionDate "1996.11.15"]
[SourceQuality "1"]

1. e4 e5 2. Nf3 Nc6 3. Bb5 a6 4. Ba4 Nf6 5. 0-0 Be7 6. Re1 b5 7. Bb3 0-0 8. c3 d6 9. h3 Na5 10. Bc2 c5 11. d4 Qc7 12. Nbd2 cxd4 13. cxd4 Nc6 14. Nb3 a5 15. Be3 a4 16. Nbd2 Bd7 17. Rc1 Qb7 18. a3 Rfe8 19. Bd3 g6 20. Qe2 Rab8 21. Rc3 b4 22. Rcc1 exd4 23. Nxd4 d5 24. Ba6 Qa8 25. Nxc6 Bxc6 26. e5 Nd7 27. Bf4 Bf8 28. Nf3 Rb6 29. Bd3 bxa3 30. bxa3 Bxa3 31. Rc2 Nf8 32. Be3 Rbb8 33. Nd4 Bd7 34. f4 Bb4 35. Rf1 a3 36. Qf2 Ba4 37. f5 Rb7 38. Re2 Rxe5 39. Qf4 Qe8 40. Nf3 f6 41. fxg6 Nxg6 42. Bxg6 hxg6 43. Nxe5 fxe5 44. Qg4 Bd7 45. Qf3 Be6 46. Qf6 Bc3 47. Bf4 Bd4+ 48. Kh2 Qf7 49. Bg3 Qxf6 50. Rxf6 Rb2 51. Re1 Bf5 52. Ra6 Be4 53. h4 a2 54. Kh3 Bf5+ 55. Kh2 Be4 56. Kh3 Bc3 57. Re3 Bf5+ 58. Kh2 Bd4 59. Bxe5 Bxe5+ 60. Rxe5 Be4 61. Re7 Rxg2+ 62. Kh3 Rf2 63. Ra8+ Rf8 64. Rxa2 Rf7 65. Raa7 Rxe7 66. Rxe7 Kh8 67. Kg4 Kg8 68. Kg5 Kf8 69. Rc7 Kg8 70. Kf6 Kh8 71. Rg7 Bc2 72. Kf7 Be4 73. Kf8 Bd3 74. Re7 Be4 75. Rd7 Bb1 76. Rxd5 Bc2 77. Rd7 Bb1 78. Rg7 Bc2 79. Kf7 Bb1 80. Kf6 Bc2 81. Rc7 Bb1 82. Kg5 Kg8 83. Kh6 Bd3 84. Rg7+ Kf8 85. Rd7 Bb1 86. Rd1 Bc2 87. Rf1+ Kg8 88. Rg1 Kf8 89. Rg5 Kf7 90. Kh7 Bb1 91. Rg1 Bd3 92. Rd1 Bc2 93. Rf1+ Ke6 94. Kg7 Bd3 95. Re1+ Kf5 96. Rg1 1-0

[Event "Goodricke op 04th"]
[Site "Kolkata"]
[Date "1993.??.??"]
[Round "5"]
[White "Sofieva, Ainur"]
[Black "Muralidharan, MB."]
[Result "1-0"]
[WhiteElo "2390"]
[BlackElo "2295"]
[PlyCount "79"]
[EventDate "1993.02.??"]
[EventType "swiss"]
[EventRounds "11"]
[EventCountry "IND"]
[SourceTitle "EXT 1998"]
[Source "ChessBase"]
[SourceDate "1997.11.17"]
[SourceVersion "1"]
[SourceVersionDate "1997.11.17"]
[SourceQuality "1"]

1. e4 c5 2. Nf3 Nc6 3. d3 g6 4. g3 Bg7 5. Bg2 d6 6. 0-0 e5 7. c3 Nge7 8. Na3 0-0 9. Be3 h6 10. Qd2 Kh7 11. d4 exd4 12. cxd4 d5 13. exd5 Nxd5 14. dxc5 Nxe3 15. Qxe3 Bxb2 16. Rad1 Qc7 17. Nb5 Qa5 18. Nd6 Be6 19. Nxb7 Qa6 20. Rd2 Bg7 21. Nd6 Bxa2 22. Nh4 Be6 23. Nxg6 Kxg6 24. Qe4+ Kf6 25. Qf4+ Kg6 26. Qe4+ Kf6 27. Qxc6 Qxc6 28. Bxc6 Rab8 29. Ra1 Kg6 30. Rxa7 Rb1+ 31. Kg2 Rc1 32. Be4+ f5 33. Bd5 Bc3 34. Rd3 Bxd5+ 35. Rxd5 Bb4 36. Nb7 Rf6 37. Ra4 Rb1 38. c6 Rxc6 39. Rb5 Rc4 40. Ra6+ 1-0

[Event "Jakarta Interzonal (Women)"]
[Site "Jakarta"]
[Date "1993.??.??"]
[Round "?"]
[White "Sofieva, Ainur"]
[Black "Uskova, Fliura"]
[Result "1-0"]
[WhiteElo "2390"]
[BlackElo "2260"]
[PlyCount "73"]
[EventDate "1993.07.??"]
[EventType "swiss"]
[EventRounds "13"]
[EventCountry "INA"]
[SourceTitle "EXT 1997"]
[Source "ChessBase"]
[SourceDate "1996.11.15"]
[SourceVersion "1"]
[SourceVersionDate "1996.11.15"]
[SourceQuality "1"]

1. e4 c5 2. Nf3 Nc6 3. d3 g6 4. g3 Bg7 5. Bg2 e5 6. 0-0 Nge7 7. c3 0-0 8. Nbd2 d6 9. a3 a5 10. a4 Kh8 11. Ne1 f5 12. f4 Be6 13. Ndf3 Bg8 14. Be3 b6 15. Nc2 Qd7 16. Na3 Rad8 17. Nb5 Na7 18. Na3 Nac6 19. Qc2 d5 20. Nxe5 Nxe5 21. fxe5 dxe4 22. dxe4 Bxe5 23. Bg5 Rde8 24. Rad1 Qc8 25. Nb5 Bc4 26. Rf2 Qe6 27. Re1 Bb3 28. Qe2 Bb8 29. exf5 Nxf5 30. Qxe6 Bxe6 31. Bc6 Bf7 32. Bxe8 Rxe8 33. Rxe8+ Bxe8 34. g4 Nd6 35. Bf4 Bxb5 36. axb5 Bc7 37. Bh6 1-0

[Event "Jakarta Interzonal (Women)"]
[Site "Jakarta"]
[Date "1993.??.??"]
[Round "?"]
[White "Tverskaya, Julia"]
[Black "Sofieva, Ainur"]
[Result "0-1"]
[WhiteElo "2090"]
[BlackElo "2390"]
[PlyCount "120"]
[EventDate "1993.07.??"]
[EventType "swiss"]
[EventRounds "13"]
[EventCountry "INA"]
[SourceTitle "EXT 1997"]
[Source "ChessBase"]
[SourceDate "1996.11.15"]
[SourceVersion "1"]
[SourceVersionDate "1996.11.15"]
[SourceQuality "1"]

1. e4 c5 2. Nc3 e6 3. Nf3 Nc6 4. d4 cxd4 5. Nxd4 d6 6. Be2 Nf6 7. 0-0 Be7 8. Be3 0-0 9. f4 a6 10. Kh1 Bd7 11. Qe1 b5 12. Bf3 Rc8 13. Rd1 b4 14. Nce2 Qc7 15. Qg3 Nxd4 16. Nxd4 e5 17. fxe5 dxe5 18. Bg5 exd4 19. e5 Bb5 20. exf6 Qxg3 21. hxg3 Bxf6 22. Bxf6 Bxf1 23. Be7 Rfe8 24. Bxb4 Be2 25. Bxe2 Rxe2 26. Rxd4 Rexc2 27. Bc3 Re2 28. Rd7 h6 29. Kh2 Rc6 30. a4 Rg6 31. Rd8+ Kh7 32. Rd7 f5 33. Rf7 Rg5 34. Ra7 Re6 35. a5 Rd6 36. Kg1 Rxg3 37. Be5 Rd1+ 38. Kf2 Rg6 39. g3 Rd5 40. Bc3 h5 41. Re7 Kh6 42. b4 Kg5 43. Bxg7 Rd2+ 44. Kf3 Rgd6 45. Re3 R2d3 46. Be5 Rxe3+ 47. Kxe3 Rd5 48. Bc7 Kg4 49. Bb8 Rd8 50. Bc7 Rd7 51. Bb8 h4 52. gxh4 f4+ 53. Kf2 Rd2+ 54. Ke1 Rb2 55. Bd6 f3 56. Kf1 Kxh4 57. Bc5 Kg4 58. Bd6 Rd2 59. Be5 Rd5 60. Bc7 Rd4 0-1